Southville International School and Colleges
Your cart is empty.
  • Cart
  • Lists
    Public lists Eva Luna New books Lux_list list_1
    Your lists Log in to create your own lists
  • Log in to your account
  • Your cookies
  • Search history
Southville International School and Colleges
  • Advanced search
  • Recent comments
  • Most popular
  • Libraries

Log in to your account

Log in with GOOGLE


If you do not have an external account, but do have a local account, you can still log in:

  1. Home
  2. MARC view: How to do everything with Illustrator CS /
Normal view MARC view ISBD view

How to do everything with Illustrator CS / (Record no. 21515)

[ view plain ]
MARC details
000 -LEADER
fixed length control field 00564nam a2200193 a 4500
005 - DATE AND TIME OF LATEST TRANSACTION
control field 20140310183329.0
008 - FIXED-LENGTH DATA ELEMENTS--GENERAL INFORMATION
fixed length control field 060811s19uu xx 00 eng d
020 ## - INTERNATIONAL STANDARD BOOK NUMBER
International Standard Book Number 0072230924
050 ## - LIBRARY OF CONGRESS CALL NUMBER
Classification number T 385
Item number .K3525 2003
100 ## - MAIN ENTRY--PERSONAL NAME
Personal name Karlins, David
245 ## - TITLE STATEMENT
Title How to do everything with Illustrator CS /
Statement of responsibility, etc David Karlins.
260 ## - PUBLICATION, DISTRIBUTION, ETC. (IMPRINT)
Place of publication, distribution, etc New York :
Name of publisher, distributor, etc McGraw-Hill/Osborne,
Date of publication, distribution, etc 2003.
300 ## - PHYSICAL DESCRIPTION
Extent 377 p. :
Other physical details col. ill. ;
Dimensions 23 cm.
521 ## - TARGET AUDIENCE NOTE
Target audience note
650 ## - SUBJECT ADDED ENTRY--TOPICAL TERM
Topical term or geographic name as entry element Adobe Illustrator (Computer file).
650 ## - SUBJECT ADDED ENTRY--TOPICAL TERM
Topical term or geographic name as entry element Computer graphics.
942 ## - ADDED ENTRY ELEMENTS (KOHA)
Koha item type Books
Source of classification or shelving scheme Library of Congress Classification
Call number prefix Foreign
Holdings
Withdrawn status Lost status Source of classification or shelving scheme Damaged status Home library Current library Shelving location Date acquired Total Checkouts Full call number Barcode Date last seen Copy number Price effective from Koha item type
    Library of Congress Classification   College Library College Library General Circulation Section 08/11/2006   T 385 .K3525 2003 C7452 05/15/2018 1 03/10/2014 Books

How to do everything with Illustrator CS /

APA

Karlins D., . (2003). How to do everything with Illustrator CS. New York: McGraw-Hill/Osborne.

Chicago

Karlins David, . 2003. How to do everything with Illustrator CS. New York: McGraw-Hill/Osborne.

Harvard

Karlins D., . (2003). How to do everything with Illustrator CS. New York: McGraw-Hill/Osborne.

MLA

Karlins David, . How to do everything with Illustrator CS. New York: McGraw-Hill/Osborne. 2003.

  • Place hold
  • Print
  • Cite
  • Add to your cart (remove)
  • Save record
    BIBTEX Dublin Core MARCXML MARC (non-Unicode/MARC-8) MARC (Unicode/UTF-8) MARC (Unicode/UTF-8, Standard) MODS (XML) RIS
  • More searches
    Search for this title in:
    Other Libraries (WorldCat) Other Databases (Google Scholar) Online Stores (Bookfinder.com) Open Library (openlibrary.org)

Exporting to Dublin Core...

SOUTHVILLE LIBRARY

Southville International School and Colleges Library

1281 Tropical Ave. Cor. Luxembourg St., BF Homes International, Las Pinas City

Tel. No. 8256374 / 252358 Loc. 117/146

Powered by Koha